| 000 | 01150nam a2200265Ia 4500 | ||
|---|---|---|---|
| 999 |
_c40547 _d40547 |
||
| 001 | 7158 | ||
| 003 | GE_BSU | ||
| 005 | 20230901164921.0 | ||
| 008 | 181216s2010||||ge |||||||||||||| ||geo|| | ||
| 020 | _a9789992861332 | ||
| 040 | _cGE_BSU | ||
| 041 | _ageo | ||
| 080 | _a821.112.2-31 რ-41 | ||
| 100 |
_aრემარკი, ერიხ მარია _919415 |
||
| 245 |
_aსამი მეგობარი : _bრომანი / _cერიხ მარია რემარკი ; გერმ. თარგმნა თინათინ დიდებულიძემ ; ილუსტრ. ნიკა თეთრაშვილისა. |
||
| 260 | _a. | ||
| 264 |
_aთბილისი : _bპალიტრა L, _c2010. |
||
| 300 |
_a344 გვ. : _bილ. ; _c22 სმ. |
||
| 490 | _aმსოფლიო ლიტერარურის კლასიკოსები | ||
| 541 | _h13ლ. | ||
| 653 | _aრომანი | ||
| 653 | _aსამი მეგობარი | ||
| 700 |
_aდიდებულიძე, თინათინ _eმთარგმნელი _919760 |
||
| 942 |
_cBK _2udc |
||